[Event "Titled Tuesday intern op 25th Feb Early"]
[Site "Chess.com INT"]
[Date "2025.02.25"]
[Round "2"]
[White "Li, Hui"]
[Black "Dev, Shah"]
[Result "0-1"]
[WhiteElo "2055"]
[BlackElo "2334"]
[PlyCount "64"]
[EventDate "2025.02.25"]
[EventType "swiss (blitz)"]
[EventRounds "11"]
[EventCountry "USA"]
[SourceTitle "CB10_2025"]
[SourceDate "2025.03.05"]
[SourceVersion "1"]
[SourceVersionDate "2025.03.05"]
[SourceQuality "1"]

1. e4 e5 2. Nf3 Nc6 3. Bb5 a6 4. Ba4 Nf6 5. 0-0 b5 6. Bb3 Bc5 7. c3 d6 8. a4 Rb8 9. d4 Bb6 10. Na3 0-0 11. axb5 axb5 12. Nxb5 Bg4 13. Bc2 Bxf3 14. gxf3 Nh5 15. Kh1 Qf6 16. Be3 Ne7 17. Rg1 Ng6 18. Bb3 Nhf4 19. Bc2 Ne6 20. Ra6 c6 21. dxe5 Nxe5 22. Rxb6 Rxb6 23. Bxb6 cxb5 24. Rg3 Ng5 25. Bc7 Ngxf3 26. Qxd6 Qh4 27. h3 Ra8 28. Kg2 Ra1 29. Rxf3 Nxf3 30. Qd8+ Qxd8 31. Bxd8 Ne1+ 32. Kg3 Nxc2 0-1

[Event "Titled Tuesday intern op 04th Feb Early"]
[Site "Chess.com INT"]
[Date "2025.02.04"]
[Round "2"]
[White "Dev, Shah"]
[Black "Molina Mendoza, Omar"]
[Result "1-0"]
[WhiteElo "2334"]
[BlackElo "2101"]
[PlyCount "87"]
[EventDate "2025.02.04"]
[EventType "swiss (blitz)"]
[EventRounds "11"]
[EventCountry "USA"]
[SourceTitle "CB07_2025"]
[SourceDate "2025.02.12"]
[SourceVersion "1"]
[SourceVersionDate "2025.02.12"]
[SourceQuality "1"]

1. d4 d6 2. g3 e5 3. dxe5 dxe5 4. Qxd8+ Kxd8 5. Nc3 c6 6. f4 Bb4 7. Nf3 Bxc3+ 8. bxc3 Nd7 9. fxe5 Ne7 10. Bf4 Re8 11. 0-0-0 Ng6 12. Bh3 Nxf4 13. gxf4 h6 14. Nd4 Kc7 15. e6 fxe6 16. Nxe6+ Kb6 17. Nxg7 Re7 18. Nf5 Rxe2 19. Nd6 Kc7 20. Nxc8 Nc5 21. Nd6 Re3 22. Bg4 Rxc3 23. Rhe1 Rd8 24. Re7+ Kb8 25. Ne4 Rxd1+ 26. Kxd1 Re3 27. Re8+ Kc7 28. Rc8+ Kb6 29. Nxc5 Kxc5 30. Rh8 Kd4 31. Rxh6 Re4 32. Rd6+ Kc3 33. Rd3+ Kb2 34. Rf3 Kxa2 35. Bc8 b5 36. f5 Re8 37. Bb7 c5 38. Kc1 b4 39. f6 c4 40. f7 Rf8 41. Bd5 b3 42. Bxc4 Ka1 43. Rxb3 a5 44. Ra3# 1-0

[Event "Titled Tuesday intern op 04th Feb Early"]
[Site "Chess.com INT"]
[Date "2025.02.04"]
[Round "3"]
[White "Skytte, Rasmus"]
[Black "Dev, Shah"]
[Result "0-1"]
[WhiteElo "2335"]
[BlackElo "2334"]
[PlyCount "96"]
[EventDate "2025.02.04"]
[EventType "swiss (blitz)"]
[EventRounds "11"]
[EventCountry "USA"]
[SourceTitle "CB07_2025"]
[SourceDate "2025.02.12"]
[SourceVersion "1"]
[SourceVersionDate "2025.02.12"]
[SourceQuality "1"]

1. e4 e5 2. Nf3 Nc6 3. Bc4 Nf6 4. Ng5 d5 5. exd5 Nd4 6. c3 b5 7. Bf1 Nxd5 8. cxd4 Qxg5 9. Bxb5+ Kd8 10. 0-0 Bb7 11. Qf3 exd4 12. d3 Qg6 13. Nd2 Rb8 14. Qh3 Bc8 15. Qh4+ Be7 16. Qxd4 Rxb5 17. a4 Ra5 18. Nb3 Bf6 19. Qe4 Bf5 20. Qf3 Bg4 21. Qe4 Ra6 22. Qxd5+ Rd6 23. Qa8+ Kd7 24. Qe4 Qxe4 25. Nc5+ Kd8 26. dxe4 Bc8 27. Be3 Bxb2 28. Rab1 Bf6 29. f4 Bd4 30. Bxd4 Rxd4 31. Rfd1 Rxd1+ 32. Rxd1+ Ke7 33. Kf2 Be6 34. f5 Bc8 35. Ke3 f6 36. Rc1 Rd8 37. Nd3 Rd7 38. Nb4 Bb7 39. Rc3 Kd8 40. Nc6+ Bxc6 41. Rxc6 Rd1 42. Ra6 Re1+ 43. Kf2 Rxe4 44. Rxa7 Rf4+ 45. Kg3 Rxf5 46. Ra8+ Kd7 47. Rh8 h6 48. Rg8 g5 0-1

[Event "Titled Tuesday intern op 28th Jan Early"]
[Site "Chess.com INT"]
[Date "2025.01.28"]
[Round "1"]
[White "Dev, Shah"]
[Black "Passen, Brett"]
[Result "1-0"]
[WhiteElo "2334"]
[BlackElo "1904"]
[PlyCount "72"]
[EventDate "2025.01.28"]
[EventType "swiss (blitz)"]
[EventRounds "11"]
[EventCountry "USA"]
[SourceTitle "CB06_2025"]
[SourceDate "2025.02.05"]
[SourceVersion "1"]
[SourceVersionDate "2025.02.05"]
[SourceQuality "1"]

1. d4 Nf6 2. c4 g6 3. Nc3 d5 4. cxd5 Nxd5 5. e4 Nxc3 6. bxc3 Bg7 7. Bc4 c5 8. Ne2 0-0 9. 0-0 Nc6 10. Be3 Qc7 11. Rc1 Rd8 12. h4 Ne5 13. Bb3 Ng4 14. Bf4 e5 15. Bg3 Qe7 16. Bd5 Be6 17. Bxe6 Qxe6 18. d5 Qd6 19. c4 f5 20. Nc3 a6 21. Rb1 Rab8 22. f4 Ne3 23. Qe2 Nxf1 24. Rxf1 Rf8 25. exf5 exf4 26. Bxf4 Bd4+ 27. Kh1 Qd8 28. Bxb8 Qxh4+ 29. Bh2 Bxc3 30. Rf4 Qg5 31. Qe6+ Kh8 32. f6 Rxf6 33. Qe8+ Kg7 34. Qe7+ Kh6 35. Qe3 Kg7 36. Qxc3 Qxg2+ 1-0

[Event "Titled Tuesday intern op 28th Jan Early"]
[Site "Chess.com INT"]
[Date "2025.01.28"]
[Round "2"]
[White "Dev, Shah"]
[Black "Rasulov, Vugar Ural Oglu"]
[Result "0-1"]
[WhiteElo "2334"]
[BlackElo "2500"]
[PlyCount "96"]
[EventDate "2025.01.28"]
[EventType "swiss (blitz)"]
[EventRounds "11"]
[EventCountry "USA"]
[SourceTitle "CB06_2025"]
[SourceDate "2025.02.05"]
[SourceVersion "1"]
[SourceVersionDate "2025.02.05"]
[SourceQuality "1"]

1. d4 Nf6 2. c4 e6 3. Nc3 d5 4. cxd5 exd5 5. Bg5 Bb4 6. e3 h6 7. Bh4 g5 8. Bg3 Ne4 9. Rc1 h5 10. f3 Nxg3 11. hxg3 c6 12. Bd3 Be6 13. Nge2 Qd6 14. Kd2 Nd7 15. Kc2 0-0-0 16. Kb1 Kb8 17. f4 Bg4 18. a3 Bxc3 19. Rxc3 Qe7 20. Qd2 Rde8 21. Bc2 Nb6 22. Bb3 Qe4+ 23. Ka2 Qxg2 24. Re1 h4 25. gxh4 gxh4 26. Bd1 Qf2 27. Rh1 Nc4 28. Rxc4 dxc4 29. d5 Qxe3 30. Qb4 c5 31. Qxc4 Bxe2 32. Bxe2 Qxe2 33. Qxc5 Rc8 34. Qd6+ Ka8 35. Qb4 Qc4+ 36. Qxc4 Rxc4 37. Rd1 h3 38. d6 Kb8 39. d7 Kc7 40. Kb3 Rc6 41. Rh1 Kxd7 42. a4 Rh4 43. a5 h2 44. Ka4 Rxf4+ 45. b4 Rc2 46. Kb5 a6+ 47. Ka4 Rf3 48. b5 Rc4# 0-1

[Event "Titled Tuesday intern op 24th Sep Early"]
[Site "Chess.com INT"]
[Date "2024.09.24"]
[Round "3"]
[White "Dev, Shah"]
[Black "Andrejevs, Arvids"]
[Result "0-1"]
[WhiteElo "2334"]
[BlackElo "2165"]
[PlyCount "180"]
[EventDate "2024.09.24"]
[EventType "swiss (blitz)"]
[EventRounds "11"]
[EventCountry "USA"]
[SourceTitle "EXT 2025"]
[Source "ChessBase"]
[SourceDate "2024.10.14"]
[SourceVersion "1"]
[SourceVersionDate "2024.10.14"]
[SourceQuality "1"]

1. d3 e5 2. Nf3 Nc6 3. c4 d6 4. Nc3 g6 5. Rb1 Bg7 6. b4 Nge7 7. b5 Nd4 8. e3 Nxf3+ 9. Qxf3 0-0 10. g3 f5 11. Bg2 e4 12. dxe4 Bxc3+ 13. Kf1 fxe4 14. Qe2 Be6 15. Bxe4 Bh3+ 16. Kg1 Qd7 17. f4 Rae8 18. Rb3 Bg7 19. Bxb7 c6 20. bxc6 Nxc6 21. Qd1 Be6 22. Ba6 d5 23. Rd3 d4 24. Bb5 a6 25. Ba4 Bxc4 26. Bb3 Bxb3 27. Qxb3+ Kh8 28. Kg2 Na5 29. Qd1 Qc6+ 30. Qf3 dxe3 31. Qxc6 Nxc6 32. Bxe3 Rd8 33. Ra3 Rfe8 34. Rxa6 Rxe3 35. Rxc6 Re2+ 36. Kh3 Rxa2 37. Re1 h5 38. Rxg6 Rdd2 39. Rh1 Kh7 40. Re6 Bd4 41. g4 hxg4+ 42. Kxg4 Rg2+ 43. Kf3 Rgf2+ 44. Ke4 Rfe2+ 45. Kxd4 Rxe6 46. h4 Rea6 47. h5 R2a4+ 48. Ke3 R4a5 49. Kf3 Rf6 50. Kg4 Raf5 51. Rf1 Kh6 52. Rf2 Rxh5 53. Rf3 Rhf5 54. Rf2 Kg6 55. Rf1 Ra5 56. Rf3 Ra1 57. Rf2 Rg1+ 58. Kf3 Ra6 59. Rb2 Ra3+ 60. Kf2 Rg4 61. Rb4 Kf5 62. Rb5+ Kxf4 63. Rb4+ Kg5 64. Rb5+ Kh4 65. Rb8 Ra2+ 66. Kf3 Ra3+ 67. Kf2 Rf4+ 68. Kg2 Rc4 69. Rh8+ Kg5 70. Rg8+ Kf6 71. Rf8+ Ke7 72. Rf2 Rca4 73. Re2+ Kd6 74. Rd2+ Ke5 75. Rd8 Kf5 76. Rf8+ Ke4 77. Re8+ Kd3 78. Rd8+ Rd4 79. Rc8 Rc3 80. Re8 Kc2 81. Kf2 Rd2+ 82. Ke1 Rh2 83. Rd8 Kb1 84. Rb8+ Rb2 85. Rd8 Rc1+ 86. Rd1 Rxd1+ 87. Kxd1 Rc2 88. Ke1 Kb2 89. Kf1 Kc3 90. Kg1 Kd3 0-1

[Event "Titled Tuesday intern op 24th Sep Early"]
[Site "Chess.com INT"]
[Date "2024.09.24"]
[Round "1"]
[White "Ishvi, Aggarwal"]
[Black "Dev, Shah"]
[Result "0-1"]
[WhiteElo "2008"]
[BlackElo "2334"]
[PlyCount "64"]
[EventDate "2024.09.24"]
[EventType "swiss (blitz)"]
[EventRounds "11"]
[EventCountry "USA"]
[SourceTitle "EXT 2025"]
[Source "ChessBase"]
[SourceDate "2024.10.14"]
[SourceVersion "1"]
[SourceVersionDate "2024.10.14"]
[SourceQuality "1"]

1. e4 e5 2. Nf3 Nc6 3. Bc4 Nf6 4. d3 Bc5 5. c3 d6 6. Nbd2 a6 7. a4 h6 8. Nf1 Ba7 9. Ng3 Ne7 10. 0-0 0-0 11. Bb3 Ng6 12. h3 Be6 13. Bc2 c5 14. Be3 b5 15. axb5 axb5 16. Qd2 d5 17. Rxa7 Rxa7 18. Bxc5 dxe4 19. Bxa7 exf3 20. d4 fxg2 21. Rd1 Bxh3 22. dxe5 Qxd2 23. Rxd2 Nxe5 24. Bd1 Ra8 25. Bd4 Nfd7 26. Kh2 Ra1 27. Kxh3 g1Q 28. f4 Qe1 29. Re2 Qxd1 30. Bxe5 Nxe5 31. Rxe5 Qf3 32. Re8+ Kh7 0-1

[Event "Titled Tuesday intern op 10th Sep Early"]
[Site "Chess,com INT"]
[Date "2024.09.10"]
[Round "2"]
[White "Vasquez Schroder, Rodrigo Rafael"]
[Black "Dev, Shah"]
[Result "0-1"]
[WhiteElo "2457"]
[BlackElo "2334"]
[PlyCount "84"]
[EventDate "2024.09.10"]
[EventType "swiss (blitz)"]
[EventRounds "11"]
[EventCountry "USA"]
[SourceTitle "EXT 2025"]
[Source "ChessBase"]
[SourceDate "2024.10.14"]
[SourceVersion "1"]
[SourceVersionDate "2024.10.14"]
[SourceQuality "1"]

1. e4 e5 2. Nf3 Nc6 3. Bb5 a6 4. Ba4 Nf6 5. 0-0 b5 6. Bb3 Bc5 7. c3 d6 8. d4 Bb6 9. Be3 Bg4 10. h3 Bh5 11. g4 Bg6 12. Nbd2 0-0 13. Bc2 Re8 14. d5 Bxe3 15. fxe3 Ne7 16. b3 c6 17. c4 bxc4 18. bxc4 Qb6 19. Kf2 Rac8 20. g5 Nh5 21. Re1 cxd5 22. exd5 Bxc2 23. Qxc2 Nxd5 24. Rab1 Qa7 25. Qd3 Nhf4 26. Qe4 Nc3 27. Qf5 Nxb1 28. Rxb1 Rb8 29. Rxb8 Rxb8 30. Ne4 Ne6 31. Nxd6 Qc7 32. Ne4 Qxc4 33. Nxe5 Rb2+ 34. Kg3 Qc7 35. Kh4 Rb5 36. Nd6 Qxd6 37. Qxf7+ Kh8 38. Qe8+ Qf8 39. Qxe6 Qf2+ 40. Kg4 Rb4+ 41. Kh5 g6+ 42. Kh6 Qh4# 0-1

[Event "Titled Tuesday intern op 03rd Sep Late"]
[Site "Chess.com INT"]
[Date "2024.09.03"]
[Round "6"]
[White "Dev, Shah"]
[Black "Bueno, Alfeu Varela Jr"]
[Result "1-0"]
[WhiteElo "2334"]
[BlackElo "2209"]
[PlyCount "111"]
[EventDate "2024.09.03"]
[EventType "swiss (blitz)"]
[EventRounds "11"]
[EventCountry "USA"]
[SourceTitle "EXT 2025"]
[Source "ChessBase"]
[SourceDate "2024.10.14"]
[SourceVersion "1"]
[SourceVersionDate "2024.10.14"]
[SourceQuality "1"]

1. d4 e6 2. c4 f5 3. Nc3 b6 4. Nf3 Bb4 5. Bd2 Bb7 6. g3 Nf6 7. Bg2 0-0 8. 0-0 d6 9. Qc2 Bxc3 10. Bxc3 Qe8 11. Rad1 Be4 12. Qc1 Nbd7 13. Nh4 Bxg2 14. Nxg2 Qh5 15. f3 e5 16. dxe5 dxe5 17. Qe3 Rae8 18. Rd2 f4 19. gxf4 exf4 20. Qxf4 Ne4 21. Qxc7 Nxc3 22. bxc3 Nc5 23. Qg3 Qf7 24. Rd4 Ne6 25. Re4 Qe7 26. Rd1 Qc5+ 27. Qf2 Qf5 28. h4 Qxe4 29. fxe4 Rxf2 30. Kxf2 Nc5 31. Kf3 Rxe4 32. Rd8+ Kf7 33. Ra8 Re7 34. Ne3 Rd7 35. Nd5 Ne6 36. Ke4 Nd8 37. Rc8 Nb7 38. Ke5 Nd6 39. Rc6 Nb7 40. h5 Nc5 41. h6 Na4 42. hxg7 Kxg7 43. Nf6 Re7+ 44. Kf5 Nc5 45. Nh5+ Kf7 46. Nf4 Ke8 47. Rh6 Kd7 48. Nd5 Rxe2 49. Rxh7+ Kd6 50. Rxa7 Re4 51. Nxb6 Kc6 52. Ra5 Rh4 53. Nd5 Rxc4 54. Nb4+ Kb6 55. Ra3 Kb5 56. Ke5 1-0

[Event "Titled Tuesday intern op 03rd Sep Late"]
[Site "Chess.com INT"]
[Date "2024.09.03"]
[Round "1"]
[White "Dev, Shah"]
[Black "De Souza, Cristiano Gomes"]
[Result "0-1"]
[WhiteElo "2334"]
[BlackElo "2018"]
[PlyCount "113"]
[EventDate "2024.09.03"]
[EventType "swiss (blitz)"]
[EventRounds "11"]
[EventCountry "USA"]
[SourceTitle "EXT 2025"]
[Source "ChessBase"]
[SourceDate "2024.10.14"]
[SourceVersion "1"]
[SourceVersionDate "2024.10.14"]
[SourceQuality "1"]

1. d4 Nf6 2. c4 g6 3. Nc3 Bg7 4. e4 d6 5. f3 0-0 6. Be3 Nc6 7. Nge2 a6 8. Qd2 Bd7 9. g4 h5 10. h3 Rb8 11. Ng3 h4 12. Nge2 Nh7 13. d5 Ne5 14. Nd4 c5 15. dxc6 bxc6 16. f4 c5 17. fxe5 cxd4 18. Bxd4 dxe5 19. Be3 Bc6 20. 0-0-0 Qa5 21. Qc2 Rb7 22. Rh2 Rfb8 23. b3 Qa3+ 24. Qb2 Qxb2+ 25. Rxb2 a5 26. Rbd2 Bf6 27. Rd8+ Kg7 28. Kc2 Ng5 29. Bg2 Ne6 30. Rxb8 Rxb8 31. a3 Nd4+ 32. Bxd4 exd4 33. Nd5 Bxd5 34. exd5 Be5 35. c5 f6 36. Re1 Kh6 37. Be4 Kg5 38. Rf1 Rc8 39. c6 Bd6 40. Kb2 Rf8 41. a4 f5 42. gxf5 gxf5 43. Bd3 f4 44. Rg1+ Kf6 45. Rg6+ Ke5 46. Bc4 f3 47. Re6+ Kf4 48. Kc2 f2 49. Kd1 Kg3 50. Bf1 Rf3 51. Re4 Rxb3 52. Rxd4 Rb1+ 53. Ke2 Re1+ 54. Kd2 Rxf1 55. Rg4+ Kxh3 56. Rc4 Rd1+ 57. Kxd1 0-1

[Event "Titled Tuesday intern op 03rd Sep Late"]
[Site "Chess.com INT"]
[Date "2024.09.03"]
[Round "4"]
[White "Sarana, Alexey"]
[Black "Dev, Shah"]
[Result "1-0"]
[WhiteElo "2713"]
[BlackElo "2334"]
[PlyCount "87"]
[EventDate "2024.09.03"]
[EventType "swiss (blitz)"]
[EventRounds "11"]
[EventCountry "USA"]
[SourceTitle "EXT 2025"]
[Source "ChessBase"]
[SourceDate "2024.10.14"]
[SourceVersion "1"]
[SourceVersionDate "2024.10.14"]
[SourceQuality "1"]

1. d4 d5 2. c4 dxc4 3. e4 b5 4. a4 c6 5. Nc3 Nf6 6. axb5 cxb5 7. e5 Nd5 8. Nxb5 a6 9. Nc3 Bb7 10. Nf3 e6 11. Bxc4 Bb4 12. Qb3 0-0 13. 0-0 a5 14. Nxd5 Bxd5 15. Bxd5 exd5 16. Bg5 Qd7 17. Qe3 Nc6 18. h4 Ne7 19. Bxe7 Qxe7 20. h5 h6 21. Rac1 Rfc8 22. Rxc8+ Rxc8 23. Rc1 Qb7 24. g4 Be7 25. Kg2 Rb8 26. Rc2 Qd7 27. Qf4 Rc8 28. Rxc8+ Qxc8 29. Qf5 Qc6 30. b3 Qe6 31. Ne1 Bb4 32. Qxe6 fxe6 33. Nc2 Bc3 34. Kf3 g6 35. Ke3 g5 36. Kd3 Bb2 37. Ne3 Kf7 38. Nd1 Ba1 39. Nc3 Bxc3 40. Kxc3 Ke7 41. Kd3 Kd7 42. f4 Ke7 43. fxg5 hxg5 44. Kc3 1-0

[Event "Titled Tuesday intern op 27th Aug Early"]
[Site "Chess.com INT"]
[Date "2024.08.27"]
[Round "5"]
[White "Dev, Shah"]
[Black "Larina, Marija"]
[Result "1-0"]
[WhiteElo "2334"]
[BlackElo "1969"]
[PlyCount "41"]
[EventDate "2024.08.27"]
[EventType "swiss (blitz)"]
[EventRounds "11"]
[EventCountry "USA"]
[SourceTitle "EXT 2025"]
[Source "ChessBase"]
[SourceDate "2024.10.14"]
[SourceVersion "1"]
[SourceVersionDate "2024.10.14"]
[SourceQuality "1"]

1. d4 f5 2. e4 fxe4 3. Nc3 Nf6 4. Bg5 Nc6 5. d5 Ne5 6. Qd4 d6 7. Nxe4 Nxe4 8. Qxe4 c6 9. 0-0-0 Qa5 10. Kb1 g6 11. f4 Bf5 12. Qd4 c5 13. Qe3 Ng4 14. Qe2 0-0-0 15. h3 Nf6 16. g4 Be4 17. Bxf6 Bxh1 18. Bxh8 Bh6 19. Bc3 Qc7 20. g5 Bg7 21. Bxg7 1-0

[Event "Titled Tuesday intern op 27th Aug Early"]
[Site "Chess.com INT"]
[Date "2024.08.27"]
[Round "1"]
[White "Lopez del Alamo, Antonio"]
[Black "Dev, Shah"]
[Result "1-0"]
[WhiteElo "2240"]
[BlackElo "2334"]
[PlyCount "75"]
[EventDate "2024.08.27"]
[EventType "swiss (blitz)"]
[EventRounds "11"]
[EventCountry "USA"]
[SourceTitle "EXT 2025"]
[Source "ChessBase"]
[SourceDate "2024.10.14"]
[SourceVersion "1"]
[SourceVersionDate "2024.10.14"]
[SourceQuality "1"]

1. e4 e5 2. Bc4 Nf6 3. d3 Nc6 4. Nf3 Bc5 5. 0-0 d6 6. c3 a6 7. a4 0-0 8. h3 h6 9. Re1 Ba7 10. Nbd2 Ne7 11. Nf1 Ng6 12. Ng3 c6 13. Bb3 d5 14. exd5 cxd5 15. Nxe5 Nxe5 16. Rxe5 d4 17. c4 Nd7 18. Re1 Nc5 19. Bc2 a5 20. Bd2 Qb6 21. Rb1 Be6 22. b4 axb4 23. Bxb4 Qc7 24. a5 Rfe8 25. Qf3 Rab8 26. Bd2 Qd7 27. Rb5 Rbc8 28. Reb1 Qd8 29. Bb4 Bd7 30. Bxc5 Rxc5 31. Rxc5 Bxc5 32. Qxb7 Be6 33. a6 Qa5 34. Qb5 Qa3 35. Qxe8+ Kh7 36. Qb5 Qc3 37. Qxc5 Qxc2 38. Rf1 1-0

[Event "Titled Tuesday intern op 20th Aug Early"]
[Site "Chess.com INT"]
[Date "2024.08.20"]
[Round "4"]
[White "Akobian, Varuzhan"]
[Black "Dev, Shah"]
[Result "1-0"]
[WhiteElo "2564"]
[BlackElo "2334"]
[PlyCount "105"]
[EventDate "2024.08.20"]
[EventType "swiss (blitz)"]
[EventRounds "11"]
[EventCountry "USA"]
[SourceTitle "EXT 2025"]
[Source "ChessBase"]
[SourceDate "2024.10.14"]
[SourceVersion "1"]
[SourceVersionDate "2024.10.14"]
[SourceQuality "1"]

1. d4 d5 2. c4 dxc4 3. e3 Nf6 4. Bxc4 e6 5. Nf3 c5 6. 0-0 a6 7. dxc5 Bxc5 8. Qxd8+ Kxd8 9. a3 Ke7 10. b4 Bd6 11. Bb2 Rd8 12. Nbd2 Nc6 13. Rfd1 b5 14. Be2 Bb7 15. Nb3 Rac8 16. Rac1 Nb8 17. Na5 Bd5 18. Nd4 Rxc1 19. Rxc1 Kd7 20. f3 Rc8 21. Rd1 Ke7 22. e4 Ba8 23. Nxb5 axb5 24. e5 Bxe5 25. Bxe5 Nd5 26. Bxb5 f6 27. Bxb8 Rxb8 28. Nc6+ Bxc6 29. Bxc6 Nb6 30. Kf2 Rd8 31. Rxd8 Kxd8 32. Ke2 Kc7 33. Bb5 Nd5 34. Bc4 Nf4+ 35. Kf2 Kd6 36. g3 Ng6 37. f4 e5 38. Bd3 Nf8 39. fxe5+ fxe5 40. Bf5 g6 41. Bh3 Kd5 42. a4 h5 43. a5 Nh7 44. Bg2+ Kd6 45. Be4 Nf6 46. Bxg6 Kc6 47. Bd3 e4 48. Be2 Nd5 49. b5+ Kc5 50. b6 Kc6 51. Bxh5 Nf6 52. Be2 Kb7 53. h4 1-0

[Event "Titled Tuesday intern op 20th Aug Early"]
[Site "Chess.com INT"]
[Date "2024.08.20"]
[Round "1"]
[White "Coelho, Ramyres Santana"]
[Black "Dev, Shah"]
[Result "0-1"]
[WhiteElo "1989"]
[BlackElo "2334"]
[PlyCount "88"]
[EventDate "2024.08.20"]
[EventType "swiss (blitz)"]
[EventRounds "11"]
[EventCountry "USA"]
[SourceTitle "EXT 2025"]
[Source "ChessBase"]
[SourceDate "2024.10.14"]
[SourceVersion "1"]
[SourceVersionDate "2024.10.14"]
[SourceQuality "1"]

1. e4 e5 2. Nf3 Nc6 3. Bc4 Nf6 4. c3 Nxe4 5. Qe2 d5 6. d3 Nf6 7. Bb5 e4 8. Nd4 Bd7 9. dxe4 Nxd4 10. Bxd7+ Qxd7 11. cxd4 dxe4 12. 0-0 Be7 13. Nc3 0-0 14. Be3 Rfe8 15. h3 h6 16. Rfd1 Bb4 17. a3 Bxc3 18. bxc3 Nd5 19. c4 Nc3 20. Qg4 Qxg4 21. hxg4 Nxd1 22. Rxd1 Rad8 23. d5 c6 24. d6 b6 25. c5 bxc5 26. Bxc5 Rd7 27. Rb1 Re5 28. Rb8+ Kh7 29. Be3 Rxd6 30. Kf1 Rb5 31. Re8 Rb3 32. Bxa7 Rxa3 33. Bc5 Ra1+ 34. Ke2 Rd5 35. Be3 Ra4 36. Re7 Kg6 37. f4 exf3+ 38. Kxf3 Rd3 39. Rc7 Rc3 40. g3 Raa3 41. Re7 Rxe3+ 42. Rxe3 Rxe3+ 43. Kxe3 Kg5 44. Kf3 c5 0-1

[Event "Titled Tuesday intern op 20th Aug Early"]
[Site "Chess.com INT"]
[Date "2024.08.20"]
[Round "3"]
[White "Dev, Shah"]
[Black "Csonka, Balazs"]
[Result "1-0"]
[WhiteElo "2334"]
[BlackElo "2473"]
[PlyCount "77"]
[EventDate "2024.08.20"]
[EventType "swiss (blitz)"]
[EventRounds "11"]
[EventCountry "USA"]
[SourceTitle "EXT 2025"]
[Source "ChessBase"]
[SourceDate "2024.10.14"]
[SourceVersion "1"]
[SourceVersionDate "2024.10.14"]
[SourceQuality "1"]

1. d4 d5 2. c4 dxc4 3. e3 e5 4. Bxc4 Nc6 5. Nf3 e4 6. Nfd2 Qg5 7. Rg1 Nf6 8. Nc3 Bb4 9. Qc2 0-0 10. a3 Bxc3 11. Qxc3 Qh4 12. h3 Be6 13. b3 Nd5 14. Bxd5 Bxd5 15. Bb2 f5 16. Rf1 Qe7 17. 0-0-0 a5 18. Nc4 a4 19. b4 b5 20. Ne5 Nxe5 21. dxe5 c6 22. f4 Qe6 23. g4 Rad8 24. gxf5 Rxf5 25. Rg1 Rf7 26. Rdf1 Bb3 27. f5 Qc4 28. e6 Qxc3+ 29. Bxc3 Rc7 30. f6 Bxe6 31. fxg7 c5 32. bxc5 Rxc5 33. Kb2 Bf7 34. Bb4 Rcc8 35. Bf8 Re8 36. Rxf7 Kxf7 37. g8Q+ Kf6 38. Qg7+ Ke6 39. Rd1 1-0

[Event "Titled Tuesday intern op 25th Jun Late"]
[Site "Chess.com INT"]
[Date "2024.06.25"]
[Round "1"]
[White "Uzuner, Tufan Can"]
[Black "Dev, Shah"]
[Result "1-0"]
[WhiteElo "1886"]
[BlackElo "2334"]
[PlyCount "101"]
[EventDate "2024.06.25"]
[EventType "swiss (blitz)"]
[EventRounds "11"]
[EventCountry "USA"]
[SourceTitle "EXT 2025"]
[Source "ChessBase"]
[SourceDate "2024.10.14"]
[SourceVersion "1"]
[SourceVersionDate "2024.10.14"]
[SourceQuality "1"]

1. d4 d5 2. Nf3 Nf6 3. g3 e6 4. Bg2 Be7 5. 0-0 0-0 6. Nbd2 b6 7. c4 Bb7 8. b3 Nbd7 9. Bb2 c5 10. cxd5 exd5 11. e3 Re8 12. Rc1 h6 13. Qc2 Rc8 14. Qb1 Ne4 15. Rfd1 Ndf6 16. Ne5 cxd4 17. Rxc8 Qxc8 18. Bxd4 Nxd2 19. Rxd2 Ne4 20. Rc2 Qe6 21. Rc7 Ba8 22. Rxa7 Bc5 23. Qb2 Bxd4 24. Qxd4 Nd6 25. Rxa8 Rxa8 26. Bxd5 Nf5 27. Qe4 Nd6 28. Qd3 Qxe5 29. Bxa8 g6 30. Bf3 Qa1+ 31. Kg2 Qe5 32. Qd5 Qe7 33. a4 Nf5 34. Qe4 Qf6 35. h4 h5 36. b4 Nd6 37. Qc6 Qe5 38. a5 bxa5 39. bxa5 Nf5 40. Qd5 Qxd5 41. Bxd5 Nd6 42. a6 Nb5 43. Bc4 Na7 44. Kf3 Kf8 45. Ke4 Ke7 46. Kd5 f6 47. Kc5 Kd7 48. Kb6 Nc8+ 49. Kb7 Nd6+ 50. Kb8 Ne8 51. Bb5+ 1-0

[Event "Titled Tuesday intern op 04th Jun Late"]
[Site "Chess.com INT"]
[Date "2024.06.04"]
[Round "1"]
[White "Dev, Shah"]
[Black "Cogan, Nicolas"]
[Result "1-0"]
[WhiteElo "2334"]
[BlackElo "2112"]
[PlyCount "89"]
[EventDate "2024.06.04"]
[EventType "swiss (blitz)"]
[EventRounds "11"]
[EventCountry "USA"]
[SourceTitle "EXT 2025"]
[Source "ChessBase"]
[SourceDate "2024.10.14"]
[SourceVersion "1"]
[SourceVersionDate "2024.10.14"]
[SourceQuality "1"]

1. d4 Nf6 2. c4 e6 3. g3 d5 4. Bg2 dxc4 5. Nf3 Nc6 6. 0-0 Bd6 7. Nc3 0-0 8. e4 e5 9. d5 Ne7 10. Nd2 a6 11. Nxc4 b5 12. Nxd6 cxd6 13. h3 Re8 14. Be3 Bb7 15. Rc1 Rc8 16. Qd2 Nd7 17. f4 exf4 18. gxf4 Ng6 19. Bd4 Nf6 20. Rce1 b4 21. Na4 a5 22. b3 Ba6 23. Rf2 Bb5 24. Bb6 Qd7 25. Bxa5 Bxa4 26. bxa4 Qxa4 27. Bxb4 Rc4 28. Bxd6 Nxe4 29. Bxe4 Rcxe4 30. Ref1 Nh4 31. Bc5 Qc4 32. Rc1 Qb5 33. d6 Rd8 34. Qc3 h5 35. Rcf1 Nf5 36. Rg2 g6 37. Rd2 Rd7 38. Rd3 Qc6 39. Rc1 Re2 40. Bf2 Qe4 41. Qc8+ Kh7 42. Qxd7 Nh4 43. Qxf7+ Kh6 44. Qf8+ Kh7 45. Rc7+ 1-0

[Event "Titled Tuesday intern op 04th Jun Late"]
[Site "Chess.com INT"]
[Date "2024.06.04"]
[Round "8"]
[White "Dev, Shah"]
[Black "Gavrilin, Roman"]
[Result "0-1"]
[WhiteElo "2334"]
[BlackElo "2185"]
[PlyCount "44"]
[EventDate "2024.06.04"]
[EventType "swiss (blitz)"]
[EventRounds "11"]
[EventCountry "USA"]
[SourceTitle "EXT 2025"]
[Source "ChessBase"]
[SourceDate "2024.10.14"]
[SourceVersion "1"]
[SourceVersionDate "2024.10.14"]
[SourceQuality "1"]

1. d4 Nf6 2. c4 e6 3. Nc3 Bb4 4. e3 0-0 5. Bd3 d5 6. Nge2 c5 7. 0-0 cxd4 8. exd4 dxc4 9. Bxc4 b6 10. d5 exd5 11. Nxd5 Nc6 12. Qa4 Nxd5 13. Qxc6 Be6 14. Nd4 Rc8 15. Qb5 Bc5 16. Nxe6 fxe6 17. Bd2 Rxf2 18. Rxf2 Bxf2+ 19. Kxf2 Qh4+ 20. Kg1 Qxc4 21. Qd7 Nf6 22. Bc3 Nxd7 0-1